Normal view
MARC view
- Iyyengar / Shahane Alexander
Entry Personal Name
001 - CONTROL NUMBER
- control field: 6737
003 - CONTROL NUMBER IDENTIFIER
- control field: OSt
005 - DATE AND TIME OF LATEST TRANSACTION
- control field: 20250104115426.0
008 - FIXED-LENGTH DATA ELEMENTS
- fixed length control field: 250104|| aca||aabn | a|a d
040 ## - CATALOGING SOURCE
- Original cataloging agency: OSt
- Transcribing agency: OSt
100 ## - HEADING--PERSONAL NAME
- Personal name: Iyyengar / Shahane Alexander
670 ## - SOURCE DATA FOUND
- Source citation: Work cat.: (OSt)18907: Iyyengar / Shahane Alexander, Text Book of Bridges
